000 00961nam a2200253Ia 4500
003 OSt
005 20220923223408.0
006 a|||||r|||| 00| 0
007 ta
008 220922b |||||||| |||| 00| 0 hin d
024 _a214,719
037 _cTextual
040 _aARTS
_cARTS
_bhin
041 _2hin
_ahin
082 _aO152,3:g(S:55), M6
100 _aमहाजन, श्रीराम बा0
_9167368
245 0 _aआधुनिक हिन्दी कहानी साहित्य में काममूलक संवेदना
246 _aĀdhunik hindī kahānī sāhitya mean kāmamūlak sanvedanā
260 _aकानपुर
_b चिन्तन प्रकाशन
_c1986
300 _a270 पृ.
_ccm.
650 _aहिन्दी साहित्य
_9156264
942 _hO152,3:g(S:55), M6
_cTEXL
_2CC
999 _c364650
_d364650